Nghề đánh bắt tôm nhiệt đới : Các loại hình ngư cụ được sử dụng và tính chọn lọc của chúng

Lựa chọn ngư cụ đánh bắt tôm đã và đang trở thành nhân tố chính trong kế hoạch hóa khai thác tôm vùng nhiệt đới, tài liệu này giúp những người có trách nhiệm sử dụng vào việc kế hoạch hóa nghề cá....

Descripción completa

Guardado en:
Detalles Bibliográficos
Autor principal: Vendeville, P.
Formato: Libro
Lenguaje:Undetermined
Publicado: Hà Nội Giáo dục 1994
Materias:
Etiquetas: Agregar Etiqueta
Sin Etiquetas, Sea el primero en etiquetar este registro!
Thư viện lưu trữ: Trung tâm Học liệu Trường Đại học Cần Thơ
LEADER 00973nam a2200217Ia 4500
001 CTU_160331
008 210402s9999 xx 000 0 und d
082 |a 338.3727 
082 |b V452 
100 |a Vendeville, P. 
245 0 |a Nghề đánh bắt tôm nhiệt đới : 
245 0 |b Các loại hình ngư cụ được sử dụng và tính chọn lọc của chúng 
245 0 |c P. Vendeville 
260 |a Hà Nội 
260 |b Giáo dục 
260 |c 1994 
520 |a Lựa chọn ngư cụ đánh bắt tôm đã và đang trở thành nhân tố chính trong kế hoạch hóa khai thác tôm vùng nhiệt đới, tài liệu này giúp những người có trách nhiệm sử dụng vào việc kế hoạch hóa nghề cá. 
650 |a Shrimps 
650 |x Equipment and supplies 
904 |i Bạch Trúc 
980 |a Trung tâm Học liệu Trường Đại học Cần Thơ